[Event "EU-Cup Online Gr-F"]
[Site "Tornelo INT"]
[Date "2021.03.28"]
[Round "8.3"]
[White "Graeffe, Petri"]
[Black "Stolyarsky, Yegor"]
[Result "1/2-1/2"]
[WhiteElo "2043"]
[BlackElo "2063"]
[PlyCount "119"]
[EventDate "2021.03.27"]
[EventType "team-tourn (rapid)"]
[EventRounds "9"]
[EventCountry "NET"]
[SourceTitle "CBM 201 Extra"]
[Source "ChessBase"]
[SourceDate "2021.05.31"]
[SourceVersion "1"]
[SourceVersionDate "2021.05.31"]
[SourceQuality "1"]
[WhiteTeam "Aatos"]
[BlackTeam "Tsafrir Rehovot"]
[WhiteTeamCountry "FIN"]
[BlackTeamCountry "ISR"]

1. Nf3 Nf6 2. e3 g6 3. c4 Bg7 4. d4 d6 5. Nc3 0-0 6. Be2 c6 7. 0-0 Bf5 8. Nd2 e5 9. d5 Na6 10. e4 Bd7 11. Rb1 Ne8 12. b4 f5 13. f3 f4 14. dxc6 bxc6 15. c5 Nac7 16. cxd6 Ne6 17. b5 Nd4 18. Nb3 Nxd6 19. Ba3 Be6 20. bxc6 Bxb3 21. axb3 Rf6 22. Nd5 Re6 23. c7 Qe8 24. Bxd6 Rxd6 25. Bc4 Kh8 26. Qd3 a6 27. Ra1 Ne6 28. Ra5 Qc6 29. Rfa1 Nxc7 30. Qe2 Nxd5 31. Bxd5 Qb6+ 32. Qf2 Ra7 33. Qxb6 Rxb6 34. Kf2 Bf8 35. Bc4 Bd6 36. Rxa6 Raxa6 37. Rxa6 Rxa6 38. Bxa6 Kg7 39. Ke2 Kf6 40. Kd3 g5 41. Kc4 h5 42. Kd5 Be7 43. Be2 Bf8 44. Kc4 Ke6 45. b4 Kd6 46. Bd1 Be7 47. h3 Bd8 48. Kb5 Bc7 49. Bb3 Bb8 50. Bf7 h4 51. Bd5 Bc7 52. Ka6 Bd8 53. Kb7 Bc7 54. b5 Bd8 55. b6 Kc5 56. Kc8 Bxb6 57. Kd7 Kd4 58. Ke6 Ba5 59. Kf5 Bd8 60. Ba8 1/2-1/2

[Event "EU-Cup Online Gr-F"]
[Site "Tornelo INT"]
[Date "2021.03.28"]
[Round "9.3"]
[White "Ozen, Bahadir"]
[Black "Graeffe, Petri"]
[Result "1-0"]
[WhiteElo "2369"]
[BlackElo "2043"]
[PlyCount "67"]
[EventDate "2021.03.27"]
[EventType "team-tourn (rapid)"]
[EventRounds "9"]
[EventCountry "NET"]
[SourceTitle "CBM 201 Extra"]
[Source "ChessBase"]
[SourceDate "2021.05.31"]
[SourceVersion "1"]
[SourceVersionDate "2021.05.31"]
[SourceQuality "1"]
[WhiteTeam "Anatolia Red"]
[BlackTeam "Aatos"]
[WhiteTeamCountry "TUR"]
[BlackTeamCountry "FIN"]

1. g3 d5 2. Bg2 e6 3. d3 Nf6 4. Nd2 c5 5. e4 Nc6 6. Nh3 Be7 7. 0-0 b5 8. f4 a5 9. Nf2 a4 10. a3 Qb6 11. g4 h5 12. g5 Ng4 13. Nxg4 hxg4 14. Qxg4 Bd7 15. c3 0-0-0 16. Qe2 f6 17. Nf3 fxg5 18. Nxg5 Bxg5 19. fxg5 Qc7 20. Bf4 e5 21. Bg3 d4 22. Rac1 Qd6 23. Bf3 Kb7 24. c4 b4 25. Bg4 Be8 26. h4 Qe7 27. Rf2 Bd7 28. Rcf1 Ka6 29. Rf7 Bxg4 30. Qxg4 Qe8 31. Rxg7 Qh5 32. Qxh5 Rxh5 33. Rg6 Kb7 34. Rf7+ 1-0

[Event "Tampere IT Lionheart"]
[Site "Tampere"]
[Date "2018.07.15"]
[Round "3"]
[White "Graeffe, Petri"]
[Black "Laine, Panu"]
[Result "1/2-1/2"]
[WhiteElo "2066"]
[BlackElo "2071"]
[PlyCount "35"]
[EventDate "2018.07.14"]
[EventType "swiss"]
[EventRounds "4"]
[EventCountry "FIN"]
[SourceTitle "EXT 2022"]
[Source "ChessBase"]
[SourceDate "2021.10.06"]
[SourceVersion "1"]
[SourceVersionDate "2021.10.06"]
[SourceQuality "1"]

1. g3 d5 2. Bg2 Nf6 3. Nf3 Bg4 4. 0-0 e6 5. c4 c6 6. b3 Nbd7 7. Bb2 Be7 8. d3 0-0 9. Nbd2 a5 10. Qc2 Qb6 11. e4 dxe4 12. dxe4 Nc5 13. Ne5 Bh5 14. h3 Nfd7 15. Ndf3 Bxf3 16. Nxd7 Nxd7 17. Bxf3 Bf6 18. Rad1 1/2-1/2

[Event "Tampere IT Lionheart"]
[Site "Tampere"]
[Date "2018.07.15"]
[Round "4"]
[White "Raki, Jyrki"]
[Black "Graeffe, Petri"]
[Result "0-1"]
[WhiteElo "1987"]
[BlackElo "2066"]
[PlyCount "112"]
[EventDate "2018.07.14"]
[EventType "swiss"]
[EventRounds "4"]
[EventCountry "FIN"]
[SourceTitle "EXT 2022"]
[Source "ChessBase"]
[SourceDate "2021.10.06"]
[SourceVersion "1"]
[SourceVersionDate "2021.10.06"]
[SourceQuality "1"]

1. e4 c5 2. Nf3 e6 3. d4 cxd4 4. Nxd4 Bc5 5. Nb3 Bb6 6. Nc3 Nc6 7. Be2 Nge7 8. 0-0 0-0 9. Bg5 f6 10. Bh4 Bc7 11. f4 d5 12. Bg3 Kh8 13. Kh1 dxe4 14. Nxe4 Nf5 15. Bd3 Ne3 16. Qh5 g6 17. Qh6 Nxf1 18. Rxf1 Ne7 19. Be1 Nf5 20. Qh3 e5 21. g4 Ne7 22. Qh4 Nd5 23. f5 g5 24. Qh6 b6 25. h4 gxh4 26. Bxh4 Bb7 27. Kh2 Bd6 28. Kg3 Rf7 29. Rh1 Bf8 30. Qh5 Qe7 31. Bc4 Rc8 32. Bxd5 Bxd5 33. Bxf6+ Rxf6 34. Nxf6 Bxh1 35. g5 Bc6 36. g6 h6 37. Ng4 Qg5 38. Qxg5 hxg5 39. f6 Be4 40. g7+ Bxg7 41. fxg7+ Kxg7 42. c3 Re8 43. Nd2 Bf5 44. Ne3 Bd7 45. a3 Kg6 46. Ndc4 Re6 47. Ng4 Kf5 48. Nf2 e4 49. Ne3+ Ke5 50. Nfg4+ Kd6 51. Nf5+ Kc7 52. Nd4 Re8 53. Ne3 Rf8 54. Nd5+ Kb7 55. Ne3 g4 56. Ne2 Rf3+ 0-1

[Event "FIN-chT 1718"]
[Site "Finland"]
[Date "2017.09.16"]
[Round "1.8"]
[White "Hamalainen, Sami"]
[Black "Graeffe, Petri"]
[Result "1-0"]
[WhiteElo "2171"]
[BlackElo "2053"]
[PlyCount "87"]
[EventDate "2017.09.16"]
[EventType "team-tourn"]
[EventRounds "11"]
[EventCountry "FIN"]
[SourceTitle "CBM 180 Extra"]
[Source "ChessBase"]
[SourceDate "2017.10.06"]
[SourceVersion "1"]
[SourceVersionDate "2017.10.06"]
[SourceQuality "1"]
[WhiteTeam "Jyvaskyla JyS"]
[BlackTeam "Helsinki Aatos"]
[WhiteTeamCountry "FIN"]
[BlackTeamCountry "FIN"]

1. e4 d5 2. exd5 Nf6 3. Nc3 Nxd5 4. d4 Nxc3 5. bxc3 g6 6. Nf3 Bg7 7. Bc4 0-0 8. 0-0 Nc6 9. Re1 e5 10. Ba3 Re8 11. Nxe5 Nxe5 12. dxe5 Qh4 13. Qd4 Qh5 14. f4 g5 15. fxg5 Qxg5 16. Bc1 Qe7 17. Bf4 Bf5 18. Qf2 Rad8 19. Kh1 Qd7 20. Qg3 Qc6 21. Bd3 Bg6 22. Rad1 Qxc3 23. Bxg6 Qxg3 24. Bxh7+ Kxh7 25. Bxg3 Rxd1 26. Rxd1 Bxe5 27. Re1 f6 28. Bxe5 fxe5 29. Kg1 Kg6 30. Kf2 Re6 31. Kg3 Kf5 32. h4 e4 33. Rf1+ Ke5 34. h5 Kd4 35. Rh1 Ke3 36. Kg4 Kf2 37. Kf5 Re8 38. g4 e3 39. g5 e2 40. h6 Kg3 41. h7 Rf8+ 42. Kg6 Rf1 43. h8Q e1Q 44. Qh4+ 1-0

[Event "FIN-chT 1617"]
[Site "Finland"]
[Date "2017.03.11"]
[Round "10.8"]
[White "Graeffe, Petri"]
[Black "Lehtonen, Simo"]
[Result "1/2-1/2"]
[WhiteElo "2035"]
[BlackElo "1924"]
[PlyCount "95"]
[EventDate "2016.09.17"]
[EventType "team-tourn"]
[EventRounds "11"]
[EventCountry "FIN"]
[SourceTitle "EXT 2018"]
[Source "ChessBase"]
[SourceDate "2017.10.13"]
[SourceVersion "1"]
[SourceVersionDate "2017.10.13"]
[SourceQuality "1"]
[WhiteTeam "Helsinki Aatos"]
[BlackTeam "Oulu OSS"]
[WhiteTeamCountry "FIN"]
[BlackTeamCountry "FIN"]

1. e4 e5 2. Bc4 Bc5 3. Nf3 Nc6 4. d3 d6 5. c3 Nf6 6. Bg5 h6 7. Bh4 Qe7 8. a4 a6 9. Nbd2 Be6 10. b4 Bb6 11. Qb3 0-0 12. 0-0-0 Bxc4 13. Nxc4 Qe6 14. Bxf6 Qxf6 15. Nxb6 cxb6 16. Kb2 Ne7 17. Rhf1 Rac8 18. Nd2 Rfd8 19. f4 d5 20. fxe5 Qxe5 21. Nf3 Qh5 22. e5 Rc6 23. Rc1 Qg6 24. Qd1 Qxg2+ 25. Rc2 Qh3 26. Nd4 Rg6 27. Rf3 Qh5 28. Qf1 Rf8 29. Re2 Rg5 30. Ne6 Qxf3 31. Qxf3 fxe6 32. Qe3 Nc8 33. Rf2 Rxf2+ 34. Qxf2 Rxe5 35. Qf4 Re2+ 36. Kc1 Ne7 37. h4 Rg2 38. Qb8+ Kf7 39. Qxb7 g5 40. hxg5 hxg5 41. Qxb6 g4 42. b5 axb5 43. a5 g3 44. a6 Ra2 45. Kb1 Ra4 46. a7 g2 47. Qf2+ Ke8 48. a8Q+ 1/2-1/2

[Event "FIN-chT 1617"]
[Site "Finland"]
[Date "2016.09.18"]
[Round "2.8"]
[White "Byggmastar, Lars"]
[Black "Graeffe, Petri"]
[Result "1-0"]
[WhiteElo "2176"]
[BlackElo "2035"]
[PlyCount "53"]
[EventDate "2016.09.17"]
[EventType "team-tourn"]
[EventRounds "11"]
[EventCountry "FIN"]
[SourceTitle "EXT 2017"]
[Source "ChessBase"]
[SourceDate "2016.10.25"]
[SourceVersion "1"]
[SourceVersionDate "2016.10.25"]
[SourceQuality "1"]
[WhiteTeam "Turku TuTS"]
[BlackTeam "Helsinki Aatos"]
[WhiteTeamCountry "FIN"]
[BlackTeamCountry "FIN"]

1. d4 d5 2. c4 e6 3. Nc3 c5 4. e3 Nf6 5. Nf3 a6 6. a3 dxc4 7. Bxc4 b5 8. Ba2 Bb7 9. 0-0 Nbd7 10. Qe2 cxd4 11. exd4 Bxf3 12. Qxf3 Nb6 13. Bg5 Be7 14. Bxf6 Bxf6 15. d5 e5 16. Ne4 Bg5 17. Qf5 Bf6 18. Rad1 0-0 19. Rfe1 Rc8 20. Bb1 Nd7 21. Re3 g6 22. Qxd7 Bg7 23. Qxd8 Rfxd8 24. Rc3 f5 25. Rxc8 Rxc8 26. Ng5 e4 27. d6 1-0

[Event "FIN-chT 1516"]
[Site "Finland"]
[Date "2016.03.13"]
[Round "11.7"]
[White "Graeffe, Petri"]
[Black "Paasikangas Tella, Johanna"]
[Result "1-0"]
[WhiteElo "1983"]
[BlackElo "2229"]
[PlyCount "39"]
[EventDate "2015.09.12"]
[EventType "team-tourn"]
[EventRounds "11"]
[EventCountry "FIN"]
[SourceTitle "EXT 2017"]
[Source "ChessBase"]
[SourceDate "2016.10.25"]
[SourceVersion "1"]
[SourceVersionDate "2016.10.25"]
[SourceQuality "1"]
[WhiteTeam "Helsinki Aatos"]
[BlackTeam "Vantaa EtVaS"]
[WhiteTeamCountry "FIN"]
[BlackTeamCountry "FIN"]

1. e4 d5 2. exd5 Qxd5 3. Nc3 Qa5 4. d4 c6 5. Nf3 Nf6 6. Bc4 Bg4 7. Bd2 e6 8. h3 Bh5 9. Qe2 Qd8 10. g4 Bg6 11. 0-0-0 b5 12. Nxb5 cxb5 13. Bxb5+ Nbd7 14. d5 Qc7 15. Bc3 0-0-0 16. dxe6 fxe6 17. Ba6+ Kb8 18. Be5 Nxe5 19. Qb5+ Qb6 20. Rxd8+ 1-0

[Event "EU-Cup 31st"]
[Site "Skopje"]
[Date "2015.10.20"]
[Round "3.6"]
[White "Graeffe, Petri"]
[Black "Miles, Richard"]
[Result "1/2-1/2"]
[WhiteElo "1993"]
[BlackElo "1955"]
[PlyCount "76"]
[EventDate "2015.10.18"]
[EventType "team-swiss"]
[EventRounds "7"]
[EventCountry "MKD"]
[SourceTitle "CBM 169"]
[Source "ChessBase"]
[SourceDate "2015.11.10"]
[SourceVersion "1"]
[SourceVersionDate "2015.11.10"]
[SourceQuality "1"]
[WhiteTeam "Aatos"]
[BlackTeam "Abergavenny"]
[WhiteTeamCountry "FIN"]
[BlackTeamCountry "WLS"]

1. c4 c5 2. Nc3 Nf6 3. Nf3 d5 4. cxd5 Nxd5 5. g3 Nc6 6. Bg2 g6 7. Qb3 e6 8. d3 Bg7 9. h4 h6 10. Bd2 0-0 11. Rc1 b6 12. Ne4 Qe7 13. Qa3 Bb7 14. 0-0 Rac8 15. Rcd1 Rfd8 16. Nc3 Ba8 17. Nxd5 exd5 18. Rfe1 d4 19. b3 Re8 20. Qc1 Kh7 21. h5 g5 22. Bh3 Rc7 23. e4 Bb7 24. Bf5+ Kg8 25. Re2 Qd6 26. Be1 Bc8 27. Bxc8 Rcxc8 28. Bd2 Qe6 29. Kg2 Qg4 30. Rh1 Ne5 31. Nxe5 Qxe2 32. Re1 Qxh5 33. Rh1 Qe2 34. Re1 Qh5 35. Rh1 Qe2 36. Re1 Qh5 37. Rh1 Qe2 38. Re1 Qh5 1/2-1/2

[Event "Skopje Karposh op"]
[Site "Skopje"]
[Date "2014.03.30"]
[Round "3"]
[White "Vucinic, Gojko"]
[Black "Graeffe, Petri"]
[Result "1-0"]
[WhiteElo "2343"]
[BlackElo "1996"]
[PlyCount "71"]
[EventDate "2014.03.29"]
[EventType "swiss"]
[EventRounds "9"]
[EventCountry "MKD"]
[SourceTitle "CBM 159 Extra"]
[Source "ChessBase"]
[SourceDate "2014.04.24"]
[SourceVersion "1"]
[SourceVersionDate "2014.04.24"]
[SourceQuality "1"]

1. e4 c5 2. Nf3 e6 3. d4 cxd4 4. Nxd4 a6 5. Nc3 Qc7 6. Bd3 Bc5 7. Nb3 Ba7 8. Qg4 Kf8 9. Bf4 d6 10. Qg3 e5 11. Nd5 Qd8 12. Be3 Nc6 13. 0-0-0 Be6 14. f4 Bxe3+ 15. Qxe3 Bxd5 16. exd5 exf4 17. Qxf4 Ne5 18. Rhf1 Nf6 19. Kb1 Rc8 20. Nd4 Rc5 21. g4 h6 22. h4 Nexg4 23. Ne6+ fxe6 24. Qxg4 e5 25. Qg6 Rc7 26. Rf3 h5 27. Rdf1 Rf7 28. Qg5 Ke7 29. Bg6 Rff8 30. Bf5 Rf7 31. Be6 Rh6 32. Rg1 Qh8 33. Bxf7 Kxf7 34. Qf5 Qe8 35. Rc3 g6 36. Rc7+ 1-0

[Event "FIN-chT 1314"]
[Site "Finland"]
[Date "2014.03.09"]
[Round "11.7"]
[White "Hynninen, Juha"]
[Black "Graeffe, Petri"]
[Result "1/2-1/2"]
[WhiteElo "2205"]
[BlackElo "2027"]
[PlyCount "39"]
[EventDate "2013.09.21"]
[EventType "team-tourn"]
[EventRounds "11"]
[EventCountry "FIN"]
[SourceTitle "EXT 2015"]
[Source "ChessBase"]
[SourceDate "2014.11.20"]
[SourceVersion "1"]
[SourceVersionDate "2014.11.20"]
[SourceQuality "1"]
[WhiteTeam "Salo SalSK"]
[BlackTeam "Helsinki Aatos"]
[WhiteTeamCountry "FIN"]
[BlackTeamCountry "FIN"]

1. d4 d5 2. c4 e6 3. cxd5 exd5 4. Nc3 c5 5. Nf3 Nc6 6. g3 Nf6 7. Bg2 Be7 8. 0-0 0-0 9. dxc5 Bxc5 10. Bg5 d4 11. Ne4 Be7 12. Bxf6 Bxf6 13. b4 Nxb4 14. Nxf6+ Qxf6 15. Qxd4 Qe7 16. Qb2 Nc6 17. Rfd1 Re8 18. Nd4 Nxd4 19. Rxd4 Rb8 20. Bf3 1/2-1/2

[Event "FIN-chT 1314"]
[Site "Finland"]
[Date "2014.03.08"]
[Round "10.8"]
[White "Graeffe, Petri"]
[Black "Torkkola, Henri"]
[Result "0-1"]
[WhiteElo "2027"]
[BlackElo "2105"]
[PlyCount "106"]
[EventDate "2013.09.21"]
[EventType "team-tourn"]
[EventRounds "11"]
[EventCountry "FIN"]
[SourceTitle "EXT 2015"]
[Source "ChessBase"]
[SourceDate "2014.11.20"]
[SourceVersion "1"]
[SourceVersionDate "2014.11.20"]
[SourceQuality "1"]
[WhiteTeam "Helsinki Aatos"]
[BlackTeam "Tampere Tammer"]
[WhiteTeamCountry "FIN"]
[BlackTeamCountry "FIN"]

1. e4 e6 2. d4 d5 3. exd5 exd5 4. c4 Nf6 5. Nc3 Bb4 6. Nf3 0-0 7. Be2 dxc4 8. Bxc4 Re8+ 9. Be3 Be6 10. Qb3 Nc6 11. Bxe6 Rxe6 12. 0-0 Bxc3 13. bxc3 Na5 14. Qa4 Qd5 15. Ne5 Rae8 16. Rac1 b6 17. c4 Qe4 18. Rfe1 c5 19. Nf3 cxd4 20. Nxd4 Re5 21. Nf3 R5e7 22. h3 Qc6 23. Qb4 Nb7 24. Nd4 Qc5 25. Qb1 Nd6 26. Nb5 Qc6 27. Nd4 Qc8 28. Nb5 Nf5 29. c5 bxc5 30. Bg5 a6 31. Bxf6 gxf6 32. Rxe7 Rxe7 33. Nc3 Qe6 34. a4 Nd4 35. Qd3 f5 36. Qg3+ Qg6 37. Kh2 Kg7 38. Nd5 Qxg3+ 39. fxg3 Re5 40. Rxc5 Ne6 41. Rc6 Rxd5 42. Rxa6 Nd4 43. Kg1 Nb3 44. Rb6 Nd2 45. Rb5 Rxb5 46. axb5 Nc4 47. Kf2 Kf6 48. Kf3 Ke5 49. g4 f4 50. Kf2 Ke4 51. Ke2 Nb6 52. Kf2 Nd5 53. h4 h6 0-1

[Event "FIN Team Cup"]
[Site "Finland"]
[Date "2013.04.20"]
[Round "2.5"]
[White "Graeffe, Petri"]
[Black "Harju, Antero"]
[Result "1-0"]
[WhiteElo "2027"]
[BlackElo "1996"]
[PlyCount "57"]
[EventDate "2013.04.06"]
[EventType "team-k.o."]
[EventRounds "6"]
[EventCountry "FIN"]
[SourceTitle "EXT 2022"]
[Source "ChessBase"]
[SourceDate "2021.10.06"]
[SourceVersion "1"]
[SourceVersionDate "2021.10.06"]
[SourceQuality "1"]
[WhiteTeam "Aatos"]
[BlackTeam "Jarvenpaa SK"]
[WhiteTeamCountry "FIN"]
[BlackTeamCountry "FIN"]

1. e4 e5 2. Nf3 Nc6 3. Bc4 Nf6 4. d3 Be7 5. 0-0 0-0 6. c3 d6 7. b4 a6 8. a4 Bg4 9. Re1 Qd7 10. Nbd2 Nh5 11. Nf1 Nf4 12. h3 Bh5 13. Ng3 Bg6 14. d4 Kh8 15. dxe5 Nxh3+ 16. gxh3 Qxh3 17. Bf1 Qe6 18. exd6 Bxd6 19. e5 Be7 20. Bg5 Rad8 21. Qc1 Qg4 22. Qf4 Qc8 23. b5 f6 24. exf6 Bxf6 25. bxc6 Bxg5 26. Qxg5 Rxf3 27. cxb7 Qd7 28. Rad1 Bd3 29. Re7 1-0

[Event "Seinajoki We SeinSK"]
[Site "Seinajoki"]
[Date "2012.??.??"]
[Round "5"]
[White "Graeffe, Petri"]
[Black "Skrjabin, Igor"]
[Result "1/2-1/2"]
[WhiteElo "2048"]
[BlackElo "2053"]
[PlyCount "24"]
[EventDate "2012.??.??"]
[EventType "swiss"]
[EventRounds "5"]
[EventCountry "FIN"]
[SourceTitle "EXT 2022"]
[Source "ChessBase"]
[SourceDate "2021.10.06"]
[SourceVersion "1"]
[SourceVersionDate "2021.10.06"]
[SourceQuality "1"]

1. e4 e5 2. Bc4 Nf6 3. d3 c6 4. f4 d5 5. exd5 cxd5 6. Bb5+ Bd7 7. Bxd7+ Nbxd7 8. fxe5 Nxe5 9. Qe2 Qe7 10. Bg5 Ned7 11. Nc3 Qxe2+ 12. Ngxe2 Bb4 1/2-1/2

[Event "FIN-chT 0809"]
[Site "Finland"]
[Date "2009.03.15"]
[Round "9.8"]
[White "Graeffe, Petri"]
[Black "Verkasalo, Tommi"]
[Result "0-1"]
[WhiteElo "2134"]
[BlackElo "2097"]
[PlyCount "60"]
[EventDate "2008.09.06"]
[EventType "team-tourn"]
[EventRounds "9"]
[EventCountry "FIN"]
[SourceTitle "EXT 2022"]
[Source "ChessBase"]
[SourceDate "2021.10.06"]
[SourceVersion "1"]
[SourceVersionDate "2021.10.06"]
[SourceQuality "1"]
[WhiteTeam "Helsinki Aatos"]
[BlackTeam "Jyvaskyla JyS"]
[WhiteTeamCountry "FIN"]
[BlackTeamCountry "FIN"]

1. e4 c5 2. Nf3 Nc6 3. d4 cxd4 4. Nxd4 Nf6 5. Nc3 d6 6. Bc4 Bd7 7. 0-0 g6 8. h3 Bg7 9. Be3 0-0 10. f4 Qb6 11. Qd3 Qa5 12. a3 Rac8 13. Rae1 a6 14. Nd5 Nxd5 15. Bxd5 Nxd4 16. Bxd4 Bxd4+ 17. Qxd4 Rxc2 18. f5 Bb5 19. f6 exf6 20. b4 Qxa3 21. Qxf6 Bxf1 22. Rxf1 Rc7 23. Qxd6 Rc1 24. Rxc1 Qxc1+ 25. Kh2 Qc8 26. Qe7 b6 27. h4 Qd8 28. Bxf7+ Kg7 29. Qxd8 Rxd8 30. Bd5 Kf6 0-1

[Event "Tampere We TammerSh 11th"]
[Site "Tampere"]
[Date "2009.??.??"]
[Round "4"]
[White "Iivonen, Markku"]
[Black "Graeffe, Petri"]
[Result "0-1"]
[WhiteElo "2048"]
[BlackElo "2134"]
[PlyCount "54"]
[EventDate "2009.??.??"]
[EventType "swiss"]
[EventRounds "5"]
[EventCountry "FIN"]
[SourceTitle "EXT 2022"]
[Source "ChessBase"]
[SourceDate "2021.10.06"]
[SourceVersion "1"]
[SourceVersionDate "2021.10.06"]
[SourceQuality "1"]

1. e4 c5 2. c3 d5 3. exd5 Qxd5 4. d4 Nc6 5. Nf3 Bg4 6. Be2 cxd4 7. cxd4 e6 8. Nc3 Qd7 9. 0-0 Nf6 10. Be3 Bd6 11. Rc1 0-0 12. Ng5 Bxe2 13. Qxe2 Rac8 14. Rfd1 Bb8 15. d5 exd5 16. Nxd5 Qf5 17. Rc5 Nxd5 18. Rcxd5 Qg6 19. h4 h6 20. h5 Qf6 21. Nf3 Rfe8 22. Qb5 b6 23. Rd7 Ne5 24. Nxe5 Rxe5 25. R1d5 Rc1+ 26. Bxc1 Re1+ 27. Qf1 Bh2+ 0-1